00650nam a2200205 a 450000100100000000500170001000800410002704000250006810000220009324500470011525000110016226000330017330000210020649000240022750400310025183000310028204900090031395201050032299900170042700003409720200930070754.0110923s1967 mx 000 0 spa d aDO-SdBNPbspacBNPHU1 aBrom, Juan95952710aEsbozo de historia universal /cJuan Brom. a4a ed. aMéxico :bGrijalbo,c1967. a245 p. ;c25 cm.1 aTratados y manuales aBibliografía : p.236-245 0aTratados y manuales959528 aBNPD 001050718MOaGRbGRcCTd2011-09-23iLF1l0o p34097-10r2020-06-25w2020-06-25y1ZNo se presta c33588d33588